000 00580nam a2200229Ia 4500
003 OSt
005 20220924114547.0
006 a|||||r|||| 00| 0
007 ta
008 220923b |||||||| |||| 00| 0 ara d
024 _a344856
037 _cTextual
040 _aARTS
_cARTS
_bara
041 _2ara
_aara
082 _aV677, 28G4
245 0 _aTaqweem al-basheer
260 _aBeirut
_bMatba-al-kaso Lebanon
_c1934
300 _a280p.
_ccm.
650 _aEGYPT - HISTORY
_936564
942 _hV677, 28G4
_cTEXL
_2CC
999 _c394205
_d394205